000 02828nam a22004697a 4500
005 20240530110350.0
008 141217s2001 ua g 000 0 ara d
020 _a9771008196
040 _aEG-CaGPL
041 0 _aara
082 0 4 _221
_a953\
_bج ت
100 0 _aجمال زكريا قاسم
245 1 0 _aتاريخ الخليج العربى الحديث والمعاصر /
_cتاليف جمال زكريا قاسم
_nالمجلد الاول :
_pامارات الخليج العربية فى عصر التوسع الاوروبى الاول ،
_nالمجلد الثانى :
_pتطور النفوذ البريطانى فى امارات الخليج العربية والمنافسات الاقليمية والدولية ،
_nالمجلد الثالث :
_pالاوضاع الداخلية فى امارات الخليج العربية وعلاقات الجوار ،
_nالمجلد الرابع :
_pتطور الاوضاع السياسية و الاقتصادية لامارات الخليج العربية ووصولها الى الاستقلال ،
_nالمجلد الخامس :
_pدول الخليج العربية فى مرحلة ما بعد الاستقلال من الانسحاب البريطانى الى غزو و تحرير الكويت .
250 _aط 1
260 _aالقاهرة :
_bدار الفكر العربى ،
_c2001
300 _a5 مج ؛
_c24 سم
650 0 4 _aالحرب العراقية الايرانية
650 0 4 _aحملة الاحساء 1871
650 0 4 _aازمة البوريمى
651 0 4 _aالخليج العربى
_xالاحوال السياسية
651 0 4 _aالامارات العربية المتحدة
651 0 4 _aالخليج العربى
_xالحرب الباردة
651 0 4 _aعمان
_xالعلاقات الخارجية
651 0 4 _aمسقط
_xالاحوال السياسية
651 0 4 _aمسقط
_xالاحوال الاقتصادية
651 0 4 _aقطر
_xالاحوال السياسية
651 0 4 _aالبحرين
_xالعلاقات الخارجية
651 0 4 _aالكويت
_xالعلاقات الخارجية
_zالعراق
651 0 4 _aالكويت
_xالعلاقات الخارجية
_zالسعودية
651 0 4 _aالكويت
_xالعلاقات الخارجية
651 0 4 _aمسقط
_xتاريخ
651 0 4 _aنجد
_xتاريخ
651 0 4 _aمصر
_xالعلاقات الخارجية
_zالخليج العربى
651 0 4 _aالبحرين
_xالعلاقات البريطانية الفارسية
651 0 4 _aقطر
_xتاريخ
651 0 4 _aالبحرين
_xتاريخ
651 0 4 _aالكويت
_xتاريخ
651 0 4 _aعمان
_xالعلاقات الخارجية
_zشرق افريقيا
651 0 4 _aعمان
_xالاحوال السياسية
942 _2ddc
_cBK
999 _c60045
_d60045